| 000 | 01175nam a2200313 a 4500 | ||
|---|---|---|---|
| 001 | ebr10080969 | ||
| 003 | CaPaEBR | ||
| 006 | m u | ||
| 007 | cr cn||||||||| | ||
| 008 | 021108s2003 enk sb 001 0 eng | ||
| 020 | _z0761973494 (pbk.) | ||
| 020 | _z0761973486 | ||
| 040 |
_aCaPaEBR _cCaPaEBR |
||
| 035 | _a(OCoLC)70774203 | ||
| 050 | 1 | 4 |
_aRC489.G4 _bH687 2003eb |
| 082 | 0 | 4 |
_a616.89/143 _222 |
| 100 | 1 |
_aHouston, Gaie, _d1933- |
|
| 245 | 1 | 0 |
_aBrief gestalt therapy _h[electronic resource] / _cGaie Houston. |
| 260 |
_aLondon ; _aThousand Oaks : _bSage Publications, _c2003. |
||
| 300 | _a154 p. | ||
| 490 | 1 | _aBrief therapies series | |
| 504 | _aIncludes bibliographical references (p. [145]-149) and index. | ||
| 533 |
_aElectronic reproduction. _bPalo Alto, Calif. : _cebrary, _d2013. _nAvailable via World Wide Web. _nAccess may be limited to ebrary affiliated libraries. |
||
| 650 | 0 | _aGestalt therapy. | |
| 655 | 7 |
_aElectronic books. _2local |
|
| 710 | 2 | _aebrary, Inc. | |
| 830 | 0 | _aBrief therapies series. | |
| 856 | 4 | 0 |
_uhttp://site.ebrary.com/lib/rucke/Doc?id=10080969 _zAn electronic book accessible through the World Wide Web; click to view |
| 999 |
_c55570 _d55570 |
||